| 000 | 00499nam a2200121Ia 4500 | ||
|---|---|---|---|
| 008 | 220615s9999||||xx |||||||||||||| ||und|| | ||
| 100 | _aSatyen Saha||Sankalan Mondal | ||
| 245 | 0 | _aPhotochemistry and Photophysics - Fundamentals to Applications | |
| 546 | _aEnglish[eng] | ||
| 650 | _aPhysical Sciences||Engineering and Technology||Chemistry||Physical Chemistry||Photochemistry | ||
| 856 | _uhttps://www.intechopen.com/books/photochemistry-and-photophysics-fundamentals-to-applications | ||
| 942 | _cEB | ||
| 999 |
_c15290 _d15290 |
||